| 000 | 01172cam a2200301 a 4500 | ||
|---|---|---|---|
| 999 |
_c331897 _d331897 |
||
| 001 | 616713 | ||
| 003 | NUST | ||
| 005 | 20171101112826.0 | ||
| 008 | 920916s1993 nyua b 001 0 eng | ||
| 010 | _a 92036218 | ||
| 020 | _a0070448442 (acidfree paper) | ||
| 040 |
_aDLC _cDLC _dDLC |
||
| 050 | 0 | 0 |
_aTP155.7 _b.M393 1993 |
| 082 | 0 | 0 |
_a660.2842 MCC _220 |
| 100 | 1 |
_aMcCabe, Warren L. _q(Warren Lee), _d1899- _95803 |
|
| 245 | 1 | 0 | _aUnit operations of chemical engineering. |
| 250 |
_a5th ed. / _bWarren L. McCabe, Julian C. Smith, Peter Harriott. |
||
| 260 |
_aNew York : _bMcGraw-Hill, _cc1993. |
||
| 300 |
_axx, 1130 p. : _bill. ; _c25 cm. |
||
| 440 | 0 |
_aMcGraw-Hill chemical engineering series _95804 |
|
| 500 | _a"International edition"--T.p. verso. | ||
| 501 | _aP.B | ||
| 504 | _aIncludes bibliographical references and index. | ||
| 650 | 0 |
_aChemical processes. _95805 |
|
| 700 | 1 |
_aSmith, Julian C. _q(Julian Cleveland), _d1919- _95806 |
|
| 700 | 1 |
_aHarriott, Peter. _95807 |
|
| 906 |
_a7 _bcbc _corignew _d1 _eocip _f19 _gy-gencatlg |
||
| 942 |
_2ddc _cBK _kIESE |
||